[Event "CHI-ch Absolute 2018"]
[Site "Santiago"]
[Date "2018.03.03"]
[Round "10"]
[White "Lopez Silva, Hugo"]
[Black "Aguirre Contreras, Cristian"]
[Result "1-0"]
[WhiteElo "2389"]
[BlackElo "2272"]
[Annotator "TA"]
[PlyCount "103"]
[EventDate "2018.??.??"]
[EventType "tourn"]
[EventCountry "CHI"]
[SourceTitle "playchess.com"]
[Source "ChessBase"]
[SourceQuality "1"]

{[%evp 21,103,47,54,38,59,50,63,45,75,69,62,33,55,45,43,34,62,66,66,55,47,44,51,22,68,26,93,81,81,82,93,79,77,75,87,63,68,72,72,63,57,57,62,63,106,105,128,119,126,121,149,149,154,154,151,151,151,149,364,397,388,370,534,529,526,498,729,730,757,752,751,743,751,743,741,699,729,735,723,721,1029,1029,1022,886]} 1. e4 c6 2. d4 g6 3. Nc3 Bg7 4. Nf3 d5 5. h3 Nf6 6. Bd3 dxe4 7. Nxe4 Nxe4 8. Bxe4 Nd7 9. O-O O-O 10. Re1 Nf6 11. Bd3 Qd6 {LiveBook: 8 Games. B15: Caro-Kann: 3 Nc3: 3...g6 and 3...dxe4 4 Nxe4 Nf6 5 Nxf6+ exf6} (11... Qc7 12. Bg5 Be6 13. Qd2 Rad8 14. Bh6 Rfe8 15. Bxg7 Kxg7 16. Rxe6 fxe6 17. Ng5 Rd6 18. Re1 Qc8 19. Bc4 Nd5 {1-0 (28) Salem,A (2625)-El Taher,F (2483) Sharjah 2016}) 12. Bg5 a5 $146 ({Find the theoretical novelty and annotate with similar games:} 12... c5 13. dxc5 Qxc5 14. Re5 Qb4 15. Qc1 Bd7 16. a3 Qd6 17. Re2 Rfe8 18. Bf4 Qb6 19. Be3 {1-0 (40) Yandemirov,V (2386)-Predke,A (2520) Moscow 2016}) 13. a4 Be6 {White is slightly better.} 14. Qd2 Nd5 15. c3 Rfe8 16. Bh6 Rad8 17. Ne5 Bc8 18. Bc4 Be6 19. Re2 f6 20. Nd3 $36 {[%mdl 2048] White is more active.} Bf7 21. Rae1 b6 22. Re4 Bh8 23. Qd1 Rd7 (23... Bg7 $11 {remains equal.} 24. Bf4 Qd7) 24. Bf4 $16 Nxf4 25. Bxf7+ Kxf7 26. Nxf4 {[#] Hoping for Qb3+.} e5 27. Qb3+ Kf8 28. dxe5 fxe5 29. Ne2 {[%cal Bf4e2,Be2d4,Bd4f3,Bf3d2,Bd2c4][%mdl 32]} ({Much weaker is} 29. Qxb6 Rb8 $11) 29... Qd5 30. Qa3+ Kg8 31. Nd4 c5 32. Nf3 Rde7 33. R1e2 Bg7 34. Nd2 Re6 35. Nc4 Rf8 36. Qb3 Rf4 37. Rxf4 exf4 38. Rxe6 Qxe6 {[#]} 39. Nxa5 $1 {[%mdl 512]} Kf7 $2 (39... Qxb3 $16 40. Nxb3 Kf7) (39... bxa5 40. Qxe6+) 40. Qxe6+ $18 Kxe6 {[%mdl 4096] Endgame KB-KN} 41. Nc4 b5 (41... Bf6 $142 42. Nxb6 Bd8) 42. axb5 {White is clearly winning.} Kd5 43. Nb6+ Ke4 (43... Kd6 $142 44. Kf1 Bf6) 44. f3+ Ke5 45. Kf1 Kd6 46. Ke2 Bf6 47. Kd3 Bd8 48. Na4 Kd5 49. c4+ Kd6 50. Ke4 g5 51. Kf5 h6 52. Nc3 {Precision: White = 71%, Black = 40%.} 1-0

[Event "CHI-ch Absolute 2018"]
[Site "Santiago"]
[Date "2018.03.02"]
[Round "10"]
[White "Diaz Villagran, Robert"]
[Black "Garcia Cardenas, Pablo"]
[Result "1/2-1/2"]
[WhiteElo "2317"]
[BlackElo "2454"]
[Annotator "TA"]
[PlyCount "43"]
[EventDate "2018.??.??"]
[EventType "tourn"]
[EventCountry "CHI"]
[SourceTitle "playchess.com"]
[Source "ChessBase"]
[SourceQuality "1"]

{[%evp 22,23,4,0]} 1. e4 c5 2. c3 Nf6 3. e5 Nd5 4. d4 cxd4 5. Nf3 Nc6 6. Bc4 Nb6 7. Bb3 d5 8. exd6 Qxd6 9. O-O Be6 10. Bxe6 Qxe6 11. Nxd4 Nxd4 12. Qxd4 {LiveBook: 320 Games} {Predecessor:} Rd8 $146 13. Qh4 Qe2 14. Bd2 e6 15. Re1 Qb5 16. b3 Qf5 17. Qg5 Qxg5 18. Bxg5 Be7 19. Bxe7 Kxe7 20. c4 Rd3 21. Kf1 Rhd8 22. Ke2 {½-½ (60) Kharchenko,B (2468)-Navara,D (2739) Minsk 2017} 1/2-1/2

[Event "CHI-ch Absolute 2018"]
[Site "Santiago"]
[Date "2018.03.03"]
[Round "10"]
[White "Llorens Sepulveda, Marcelo"]
[Black "Salinas Herrera, Pablo"]
[Result "0-1"]
[WhiteElo "2266"]
[BlackElo "2453"]
[Annotator "TA"]
[PlyCount "64"]
[EventDate "2018.??.??"]
[EventType "tourn"]
[EventCountry "CHI"]
[SourceTitle "playchess.com"]
[Source "ChessBase"]
[SourceQuality "1"]

{[%evp 9,64,36,25,9,11,9,16,2,62,59,37,56,41,-56,-50,-55,-35,-129,-105,-228,-239,-261,-152,-149,-177,-154,-130,-131,-125,-141,-116,-139,-125,-139,-130,-158,-164,-158,-155,-167,-167,-285,-293,-283,-265,-296,-275,-277,-285,-276,-285,-497,-493,-2149,-1989,-2476,-597]} 1. e4 c5 2. Nf3 e6 3. b3 d5 4. exd5 exd5 5. Bb5+ Nc6 {LiveBook: 35 Partien} 6. Bxc6+ {B40: Sizilianisch (Klassisches System mit e7-e6)} (6. O-O Bd6 7. Bb2 Nf6 8. Qe2+ Be6 9. Be5 Be7 10. Ng5 Bg4 11. f3 Bd7 12. Bxc6 Bxc6 13. Bxf6 gxf6 {½-½ (41) Antipov,M (2567)-Adhiban,B (2653) Wijk aan Zee 2016}) 6... bxc6 7. O-O Bd6 8. Bb2 {Die Stellung ist ausgeglichen.} Ne7 (8... Nf6 $11) 9. Bxg7 $146 ({Vorgänger:} 9. h3 O-O 10. d3 Ng6 11. Re1 Nf4 12. Nbd2 Be6 13. Be5 Bxe5 14. Rxe5 {0-1 (42) Hajek,J (2092)-Subrt,J (2178) Czechia 2002}) 9... Rg8 10. Be5 Bg4 {Droht ...Lxe5 und aus.} 11. Re1 (11. Bg3 $14) 11... Bxe5 $1 $15 12. Rxe5 Qd6 $36 {[%mdl 2048] Schwarz hat gut koordiniertes Spiel.} 13. Re3 (13. d4 $15) 13... Kf8 14. d4 (14. Nc3 $17) 14... Nf5 $19 15. Rd3 {[#]} Nh4 $1 {[%mdl 512]} 16. g3 $17 {beabsichtigt Sbd2.} (16. Nxh4 Bxd1) 16... Nxf3+ 17. Rxf3 Bxf3 18. Qxf3 cxd4 19. Nd2 Rg6 20. Qd3 c5 21. Nf3 Kg8 22. Rd1 Qa6 23. Qf5 {[#]} Qe6 $1 {[%cal Re6f5]} 24. Qh5 {[#]} Rf6 $1 25. Ne5 (25. Qg5+ $142 Kf8 26. Ne1) 25... Rf5 $19 26. Qg4+ Kh8 27. Nd3 Rg8 28. Qh3 c4 29. Nc5 Qe5 30. Nd7 $2 (30. Qh4 Rf4 31. Qh6) 30... Qe4 {Schwarz steht klar auf Gewinn.} 31. Rd2 (31. Ra1 $142) 31... Qe1+ 32. Kg2 Rf4 {Precision: Weiß = 32%, Schwarz = 88%.} (32... Rgg5 $142 33. Ne5 Qxd2) 0-1

[Event "CHI-ch Absolute 2018"]
[Site "Santiago"]
[Date "2018.03.03"]
[Round "11"]
[White "Garcia Cardenas, Pablo"]
[Black "Llorens Sepulveda, Marcelo"]
[Result "1-0"]
[WhiteElo "2454"]
[BlackElo "2266"]
[Annotator "TA"]
[PlyCount "56"]
[EventDate "2018.??.??"]
[EventType "tourn"]
[EventCountry "CHI"]
[SourceTitle "playchess.com"]
[Source "ChessBase"]
[SourceQuality "1"]

{[%evp 18,56,57,40,50,32,44,43,41,4,25,9,7,0,0,-16,-10,-5,-5,-41,0,-19,-22,-14,-15,-17,0,-66,-58,-55,-43,-52,-58,-97,-76,-77,111,107,108,97,298]} 1. d4 Nf6 2. c4 g6 3. Nc3 Bg7 4. e4 d6 5. h3 O-O 6. Be3 c6 7. Nf3 a6 8. c5 b5 {E90: King's Indian: Classical: Early deviations and 6 h3} 9. cxb6 Qxb6 10. Qd2 {LiveBook: 5 Games} (10. Qc2 a5 11. Be2 Ba6 12. O-O Bxe2 13. Qxe2 Qa6 14. Qd2 Nbd7 15. Bh6 e5 16. Bxg7 Kxg7 {½-½ (48) Pavlov,S (2490)-Onischuk,V (2639) Tsaghkadzor 2017}) 10... Nbd7 {White is slightly better.} 11. Bd3 a5 12. O-O Ba6 13. e5 $146 ({Predecessor:} 13. b3 Bxd3 14. Qxd3 Rfc8 15. Rac1 Qd8 16. Rfd1 {½-½ (23) Marholev,D (2431)-Bielczyk,J (2299) Prague 2010}) 13... Nd5 $1 14. Nxd5 cxd5 15. Bxa6 Qxa6 16. Bh6 dxe5 17. dxe5 e6 18. Rfc1 Rac8 19. Bxg7 Kxg7 20. b3 Qb6 21. Qf4 Nc5 22. Nh2 (22. Qe3 $11) 22... Ne4 $15 23. Ng4 g5 24. Qf3 $1 Qd4 25. h4 h5 26. Nf6 Nxf6 $2 (26... Qxe5 $17 {stays on course.} 27. Nd7 Rxc1+ 28. Rxc1 Qb2) 27. Qxf6+ $16 Kh7 28. hxg5 {[#] Strongly threatening Qh6+.} Kg8 $2 {Precision: White = 25%, Black = 47%.} (28... Rxc1+ $16 {keeps fighting.} 29. Rxc1 Qe4) 1-0

[Event "CHI-ch Absolute 2018"]
[Site "Santiago"]
[Date "2018.03.03"]
[Round "11"]
[White "Abarca Gonzalez, Nicolas"]
[Black "Diaz Villagran, Robert"]
[Result "1/2-1/2"]
[WhiteElo "2388"]
[BlackElo "2317"]
[Annotator "NA"]
[PlyCount "20"]
[EventDate "2018.??.??"]
[EventType "tourn"]
[EventCountry "CHI"]
[SourceTitle "playchess.com"]
[Source "ChessBase"]
[SourceQuality "1"]
[TimeControl "5400+30"]

1. e4 {[%emt 0:07:37]} e6 {[%emt 0:00:09]} 2. d4 {[%emt 0:00:17]} d5 {[%emt 0:00:05]} 3. Nd2 {[%emt 0:00:03]} Nf6 {[%emt 0:00:04]} 4. e5 {[%emt 0:00:03]} Nfd7 {[%emt 0:00:04]} 5. Bd3 {[%emt 0:00:02]} c5 {[%emt 0:00:05]} 6. c3 {[%emt 0:00:05]} Nc6 {[%emt 0:00:15]} 7. Ne2 {[%emt 0:01:20]} cxd4 {[%emt 0:00:05]} 8. cxd4 {[%emt 0:00:02]} f6 $14 {[%emt 0:00:08] LiveBook: 4279 Games} 9. Nf4 {[%emt 0:01:05]} Qe7 {[%emt 0:00:29]} 10. exf6 {[%emt 0:19:39]} Nxf6 {[%emt 1:34:06]} 1/2-1/2

[Event "CHI-ch Absolute 2018"]
[Site "Santiago"]
[Date "2018.03.03"]
[Round "11"]
[White "Fuentes Parra, Victor Ignacio"]
[Black "Barria Zuniga, Daniel"]
[Result "0-1"]
[WhiteElo "2148"]
[BlackElo "2395"]
[Annotator "NA"]
[PlyCount "68"]
[EventDate "2018.??.??"]
[EventType "tourn"]
[EventCountry "CHI"]
[SourceTitle "playchess.com"]
[Source "ChessBase"]
[SourceQuality "1"]
[TimeControl "5400+30"]

1. e4 {[%emt 0:07:31]} g6 {[%emt 0:01:04]} 2. d4 {[%emt 0:00:05]} Bg7 {[%emt 0:00:11]} 3. Nf3 {[%emt 0:00:04]} c5 {[%emt 0:00:07]} 4. c3 {[%emt 0:00:04]} cxd4 {[%emt 0:00:10]} 5. cxd4 {[%emt 0:00:04]} d5 {[%emt 0:00:06]} 6. e5 {[%emt 0:00:03]} Nc6 {[%emt 0:00:18]} 7. Nc3 {[%emt 0:00:19]} Nh6 {[%emt 0:00:07]} ({Black should play} 7... Bg4 $11) 8. Qb3 {[%emt 0:01:58]} Nf5 $11 {[%emt 0:03:05]} 9. Bb5 {[%emt 0:12:45]} O-O {[%emt 0:00:15]} 10. Bxc6 {[%emt 0:05:39]} bxc6 {[%emt 0:00:17]} 11. O-O {[%emt 0:00:47]} e6 {[%emt 0:05:26]} 12. Bg5 {[%emt 0:07:21]} Nxd4 {[%emt 0:01:24]} 13. Nxd4 {[%emt 0:02:26]} Qxg5 {[%emt 0:00:09]} 14. Nf3 {[%emt 0:00:09]} Qe7 {[%emt 0:02:17]} 15. Rac1 {[%emt 0:01:43]} c5 {[%emt 0:03:44]} 16. Qa3 {[%emt 0:05:34]} Bd7 {[%emt 0:00:56]} 17. Na4 {[%emt 0:05:11]} Bxa4 {[%emt 0:00:48]} 18. Qxa4 {[%emt 0:00:02]} Rfc8 {[%emt 0:00:17]} 19. Rc3 {[%emt 0:00:29]} Qb7 {[%emt 0:04:07]} 20. Rb3 {[%emt 0:01:49]} Qc6 {[%emt 0:00:17]} 21. Qf4 {[%emt 0:00:31]} Rab8 {[%emt 0:00:59]} 22. Ra3 {[%emt 0:18:29]} Rxb2 {[%emt 0:01:22]} 23. Rxa7 {[%emt 0:00:42]} Rb7 {[%emt 0:00:26]} 24. Ra3 {[%emt 0:00:25]} Rb4 {[%emt 0:00:54]} 25. Qd2 {[%emt 0:00:25]} Ra4 {[%emt 0:06:40]} 26. Rc3 {[%emt 0:00:33]} Qa6 {[%emt 0:01:00]} 27. Rc2 {[%emt 0:00:26]} Qa5 {[%emt 0:02:08]} 28. Qg5 {[%emt 0:03:06]} Rxa2 {[%emt 0:03:16]} 29. Rxa2 {[%emt 0:00:18]} Qxa2 {[%emt 0:00:04]} 30. h4 {[%emt 0:00:02]} h6 {[%emt 0:03:08]} 31. Qe7 {[%emt 0:00:02]} Qa5 {[%emt 0:01:25]} 32. h5 {[%emt 0:00:02]} g5 {[%emt 0:01:34]} 33. Qb7 {[%emt 0:00:53]} Qc7 {[%emt 0:00:25]} 34. Qb2 {[%emt 0:00:21]} g4 {[%emt 0:59:04]} 0-1